| 000 | 00518nam a2200181 i 4500 | ||
|---|---|---|---|
| 001 | 74844 | ||
| 003 | ES-MaACL | ||
| 005 | 20230906172249.0 | ||
| 007 | t| | ||
| 008 | 040921s1971 sp ||||1| spa d | ||
| 100 | 1 |
_aGranero Sancho, Emilio. _959629 |
|
| 245 | 1 | 0 |
_aBarras y estrellas / _cEmilio Granero Sancho. |
| 260 |
_aValencia : _bPrometeo, _c[1971] |
||
| 300 |
_a302 p. ; _c19 cm. |
||
| 500 | _aFaltan de la pág. 193 á 209. | ||
| 500 | _aPremio Blasco Ibáñez 1971. | ||
| 852 |
_aES-MaACL _jC-39323 _bR.77609 |
||
| 999 |
_c74844 _d74844 |
||